000 00456cam a22001571a 4500
020 _a0471118265
082 _a658.5
_bBUF
_cL-17, P-17
100 1 _aBuffa, Elwood Spencer,
245 1 0 _aModern production management /
_cElwood S. Buffa.
260 _aNew York :
_bWiley,
_c1961.
300 _ax, 636 p. :
_bill. ;
_c24 cm.
526 _a0
_b0
_c0
_d658_500000000000000_BUF
650 0 _aMCE
_9379
650 0 _aProduction management.
_91879
942 _2ddc
_cBK
999 _c548428
_d548428